| 000 | 01037nam a2200289Ia 4500 | ||
|---|---|---|---|
| 003 | OSt | ||
| 005 | 20220930091341.0 | ||
| 006 | a|||||r|||| 00| 0 | ||
| 007 | ta | ||
| 008 | 220926b |||||||| |||| 00| 0 eng d | ||
| 024 | _a5781 | ||
| 037 | _cTheses | ||
| 040 |
_aCRL _cCRL _beng |
||
| 041 |
_2eng _aeng |
||
| 100 |
_akaila Arpana M. Au. _9545418 |
||
| 110 |
_aUniversity of Delhi. Faculty of Medical Sciences. Department of Obestetrics and Gynaecology _9545419 |
||
| 245 | 0 | _aScreen and treat approach for suspected preinvasive lesions of cervix by cryotherapy | |
| 260 | _c2012 | ||
| 300 |
_a72 _ap. _ccm. |
||
| 650 | _aWOMEN - DISEASES | ||
| 700 | _a Dr. Deepti Goswami Gu. | ||
| 700 |
_a Dr. Gauri Gandhi Gu. _9533714 |
||
| 700 |
_a Dr. Raksha Arora Gu. _9532585 |
||
| 700 |
_aUniversity of Delhi. Faculty of Medical Sciences. Department of Obestetrics and Gynaecology _9545420 |
||
| 942 |
_cDIS _2CC |
||
| 999 |
_c881975 _d881975 |
||